Focus (Record no. 83273)
[ view plain ]
| 000 -LEADER | |
|---|---|
| fixed length control field | 00857cab a22002055a 4500 |
| 001 - CONTROL NUMBER | |
| control field | L153383 |
| 008 - FIXED-LENGTH DATA ELEMENTS--GENERAL INFORMATION | |
| fixed length control field | 110719e20110716xxk 000 0 eng d |
| 035 ## - SYSTEM CONTROL NUMBER | |
| System control number | (Sirsi) u153383 |
| 041 0# - LANGUAGE CODE | |
| Language code of text/sound track or separate title | eng |
| 100 1# - MAIN ENTRY--PERSONAL NAME | |
| Personal name | Thame, David |
| 245 00 - TITLE STATEMENT | |
| Title | Focus |
| Remainder of title | Staffordshire and Shropshire |
| 260 ## - PUBLICATION, DISTRIBUTION, ETC. | |
| Date of publication, distribution, etc. | 2011 |
| 490 ## - SERIES STATEMENT | |
| Series statement | Estates Gazette |
| Volume/sequential designation | (1128) 16 July 2011, 55-63(7) |
| 520 ## - SUMMARY, ETC. | |
| Summary, etc. | Stoke on Trent's Genr8's business district development and Realis Estates East West shopping centre development schemes are facing problems and are having difficulty in attracting anchor tenants. Shropshire Councils growth plans for new housing are creating new opportunities for retailers including new outlets for supermarkets. |
| 590 ## - LOCAL NOTE (RLIN) | |
| Local note | KA |
| 651 #4 - SUBJECT ADDED ENTRY--GEOGRAPHIC NAME | |
| Geographic name | Staffordshire |
| 651 #4 - SUBJECT ADDED ENTRY--GEOGRAPHIC NAME | |
| Geographic name | Shropshire |
| 690 ## - LOCAL SUBJECT ADDED ENTRY--TOPICAL TERM (OCLC, RLIN) | |
| Topical term or geographic name as entry element | PROPERTY-COMMERCIAL PROPERTY-COMMERCIAL PROPERTY MARKET |
| 942 ## - ADDED ENTRY ELEMENTS (KOHA) | |
| Suppress in OPAC | 0 |
| Withdrawn status | Lost status | Source of classification or shelving scheme | Damaged status | Not for loan | Home library | Current library | Shelving location | Date acquired | Total Checkouts | Full call number | Barcode | Date last seen | Copy number | Price effective from | Koha item type |
|---|---|---|---|---|---|---|---|---|---|---|---|---|---|---|---|
| Dewey Decimal Classification | London | London | Journal article | 19/07/2011 | L153383 | 153383-1001 | 06/08/2019 | 1 | 06/08/2019 | Journal article |